000 00339nam a22001337a 4500
008 180215b xxu||||| |||| 00| 0 eng d
020 _a9780471415787
041 _aeng
080 _23rd
_a330.722.6 KIM
100 _a61
101 _aKF
245 _aFinancial accounting tools for business decision making
_cKimmel,P.D
942 _2udc
_cBK
999 _c42569
_d42569